00722nam a22001937a 4500003000900000005001700009008003400026020001600060040002500076082002500101100002800126245004800154260012500202300001700327500007100344650002400415650002700439710006200466DO-SdBNP20220429133613.0220208b2006 dr | |||| 00| 0 spa d a97899420127 aBPMSUbspacBPMSUd  aRD861.5bP324g 222 aPaula, Hermes ded1974- aLos gemidos de la noche /cHermes de Paula  aSan Francisco de Macorís, República Dominicana :bÁgeles de Fierro ; bSecretaría de Estado de Cultura c[200-?] a78 p ;c15cm aIncluye datos biográficos del autor en la solapa de la cubierta  4aPoesía dominicana 4aLiteratura dominicana 2 aSecretaría de Estado de Cultura (República Dominicna)